00257nam a2200109Ia 4500100002200000654002600022245002700048260003400075082001800109300000800127546001200135 aFeigenbaum/ A.V.  aTotal quality control aTotal Quality Control bMc Graw HillaSingaporec1993 a620.0045bPAN a228 aENGLISH